000
00299nam a22001337a 4500
008
180315b xxu||||| |||| 00| 0 eng d
020
_a
9780471333999
041
_a
eng
080
_2
2nd
_a
51
100
_a
37
101
_a
MAT
245
_a
Functions modeling change
_c
Cannon.R.J
942
_2
udc
_c
BK
999
_c
45142
_d
45142